000 00704nam a2200181Ia 4500
008 100921s9999 xx 000 0 und d
082 _b27874
_a891.463 थ 96
100 _aशेंदरे शंकर,अनु,गद्रे उन्मेश.
245 _aखजुराहोची अलका.
260 _bमेहता प्रकाशन, पुणे.
_c1996
300 _a144
_bरसिक साहित्य,पुणे
365 _b90
520 _aललित-कादंबरी.
630 _aखजुराहोची अलका.
650 _aललित-कादंबरी.
730 _aखजुराहोची अलका.
942 _cBOOK
999 _c776987
_d776984